000 00513nam a2200169 i 4500
001 35903
003 ES-MaACL
005 20230906155235.0
007 t|
008 030214s1960 sp ||||1| spa d
100 1 _aBrodbeck, G.
_931850
245 1 0 _aManual el cerrajero... /
_cpor G. Brodbeck ; versión por José Masana Tardá.
260 _aBarcelona, etc. :
_bJosé Montesó,
_c1960.
300 _a307 p. :
_bil. ;
_c22 cm.
700 1 _aMasana Tardá, José.
_978666
852 _aES-MaACL
_jC-18410
_bR.46713
999 _c35903
_d35903